| 000 | 01008nam0a22002651 4500 | ||
|---|---|---|---|
| 001 | v19\rc\1697159 | ||
| 005 | 20250619025544.0 | ||
| 035 | _a(NLR Aleph) 004799794 | ||
| 090 |
_a4816962 _c4816962 |
||
| 100 | _a20061002e18981898|||y0rusy50 ca | ||
| 101 | 0 | _arus | |
| 102 | _aRU | ||
| 105 | _ay b ||||| | ||
| 200 | 1 |
_aГосударственное положение римско-католической церкви в России от Екатерины Великой до настоящего времени _f[Соч.] К. Богословского |
|
| 210 |
_aХарьков _cтип. Губ. правл. _d1898 |
||
| 215 |
_a[2], 191 с. _d23 |
||
| 311 | _aОтт. из журн. "Вера и разум" за 1898 г. | ||
| 488 | 0 |
_12001#$aВера и разум$v1898 _tВера и разум |
|
| 700 | 1 |
_aБогословский _bК. |
|
| 801 | 0 |
_aRU _bNLR _gpsbo |
|
| 801 | 0 |
_aRU _bRuMoRGB _2psbo |
|
| 801 | 1 |
_aRU _bProSoft-M _2rusmarc |
|
| 852 |
_aNLR _j20.103.3.27 |
||
| 942 | _cBOOK | ||
| 980 | _aNB | ||